| 000 | 01734cam a2200505 4500 | ||
|---|---|---|---|
| 003 | PE-LiUPU | ||
| 005 | 20250731180145.0 | ||
| 020 | _a8497324811. | ||
| 035 | _a(Sirsi) i9788497324816 | ||
| 035 | _a(Sirsi) 45507 | ||
| 035 | _a(Sirsi) 45507 | ||
| 041 | _aes | ||
| 044 | _aes | ||
| 082 | 0 | 4 |
_a513.7 _bM43 |
| 100 | 1 | _aMerino González, Lus M. | |
| 245 | 1 | 0 |
_aÁlgebra lineal con métodos elementales / _cLuis M. Merino González y Evangelina Santos Aláez. |
| 264 | 1 |
_aMadrid : _bParaninfo, _c[2006] |
|
| 300 |
_a400 páginas : _bilustraciones ; _c24 cm. |
||
| 505 | 0 | _aSistemas de ecuaciones, matrices y determinantes -- Espacios vectoriales -- Aplicaciones lineales -- Diagonalizaición y forma de Jordan -- Formas bilineales y cuadráticas -- Espacio afín. Cónicas y cuádricas -- Inversas generalizadas. Míni | |
| 526 | _aSEG44 | ||
| 526 | _aSEG26 | ||
| 526 | _aP159 | ||
| 526 | _aP155 | ||
| 526 | _aP154 | ||
| 526 | _aP153 | ||
| 526 | _aP150 | ||
| 526 | _aP100 | ||
| 526 | _aP31 | ||
| 526 | _aP30 | ||
| 526 | _aP26 | ||
| 526 | _aP25 | ||
| 526 | _aP24 | ||
| 526 | _aP22 | ||
| 526 | _aP15 | ||
| 526 | _aP10 | ||
| 650 | 1 | 4 | _aÁlgebra lineal |
| 700 | 1 |
_aSantos Aláez, Evangelina _ecoaut. |
|
| 942 |
_2ddc _cBOOK |
||
| 949 |
_a513.7 M43 _i63065 _lCCODEBUL1 _mBUL _tLIBRO _o.STAFF. Colección General |
||
| 859 |
_q63065 _h513.7 _iM43 |
||
| 910 | _agl20110601 | ||
| 596 | _a1 | ||
| 999 |
_a513.7 M43 _wDEWEY _c52081 _i63065 _d52081 _e2019-4-14 _f2021-11-5 _g7 _lCCODEBUL1 _mBUL _n20 _p49.00 _q4 _r0 _sY _tBOOK _u2015-7-6 _xBIBLIOTECA _zUNKNOWN _0COMPRA _o.STAFF. Colección General |
||
| 980 |
_81 _gALBERTO SANCHEZ Responsable de Automatización |
||